• 首页
  • 本馆介绍
  • 公告通知
  • 最新文献
  • 馆藏检索
  • 电子资源
  • 读者导购
  • 参考咨询
  • 我的图书馆
  • 登录
  • 详细信息显示
  • 放入我的书架
  • 预约/预借图书
  • 作者相关作品
  • 分类相关作品
  • 丛书相关作品
  • 出版社相关作品

书目信息

  • 表格格式
  • 工作单格式
  • 卡片格式
题名:
当代中外新闻传媒
    
 
作者: 辜晓进 编著
分册:  
出版信息: 北京   中国人民大学出版社  2012.08
页数: 307页
开本: 26cm
丛书名:
单 册:
中图分类: G219.1
科图分类:
主题词: 新闻--传播媒介--世界--高等学校--教材 , 新闻 , 传播媒介
电子资源:
ISBN: 978-7-300-15665-1
000 00869nam0 2200265 450
001 010010102394
005 20130609083432.51
010    @a978-7-300-15665-1@dCNY39.80
100    @a20120823d2012 em y0chiy50 ea
101 0  @achi
102    @aCN@b110000
105    @aaf z 000yy
106    @ar
200 1  @a当代中外新闻传媒@9dang dai zhong wai xin wen chuan mei@f辜晓进编著
210    @a北京@c中国人民大学出版社@d2012.08
215    @a307页@c图,图版(6页)@d26cm
300    @a21世纪新闻传播学系列教材
330    @a本书以现实为原点,以历史为源头,以截至2011年年底的最新数据为佐证,全面展示全球传媒业的崭新生态,论及26个国家和地区的近300家媒体。
606 0  @a新闻@x传播媒介@y世界@x高等学校@j教材
606 0  @a新闻
606 0  @a传播媒介
690    @aG219.1@v5
701  0 @a辜晓进@9gu xiao jin@4编著
801  0 @aCN@bRENTIAN@c20120823
905    @dG219.1@e538
    
    当代中外新闻传媒/辜晓进编著.-北京:中国人民大学出版社,2012.08
    307页:图,图版(6页);26cm
    21世纪新闻传播学系列教材
    
    ISBN 978-7-300-15665-1:CNY39.80
    本书以现实为原点,以历史为源头,以截至2011年年底的最新数据为佐证,全面展示全球传媒业的崭新生态,论及26个国家和地区的近300家媒体。
●
相关链接 在E读中查询图书 在五车中查询图书 在当当中查询图书 在豆瓣中查询图书


正题名:当代中外新闻传媒     索取号:G219.1/538         预约/预借

序号 登录号 条形码 馆藏地/架位号 状态 备注
1 0545437   205454373   第一样本阅览室/ [索取号:G219.1/538] 在馆    
2 0545438   205454382   第四借阅区/ [索取号:G219.1/538] 在馆    
3 0545439   205454391   第四借阅区/ [索取号:G219.1/538] 在馆    
4 0545440   205454408   第四借阅区/ [索取号:G219.1/538] 在馆    
5 0545441   205454417   第四借阅区/ [索取号:G219.1/538] 在馆    
唐山师范学院图书馆 欢迎您!
大连网信软件有限公司© 版权所有